Responses for Show #5633 - Wednesday, February 18, 2009

Ask Alex #14: Movie.

Contestants

[<< previous game]

Tanya Hayes, an auction house manager from New York, New York

Kathy Gillespie Hennelly, a business technology teacher from Cinnaminson, New Jersey

Dan Smith, a student from Chicago, Illinois (whose 2-day cash winnings total $54,000)

[next game >>]

Jeopardy! Round responses

CAN'T GET ENOUGH OPERA
CY YOUNG AWARD WINNERS
NEWLY DISCOVERED CHEMICAL ELEMENTS?
(Alex: And just like the regular elements, all of these will end in "-ium".)
"NORTH" & "SOUTH"
EAST & WEST
THIS IS ONE SLIMY CATEGORY
    $200 10
(Tanya: What is Sydney?)

The Metropolitan Opera

KathyTanya
    $200 26
Sandy Koufax

Kathy
    $200 5
condominium

Dan
    $200 3
(Kathy: What is Australia?)
(Dan: What is North America?)

South America

DanKathyTanya
    $200 2
Minnesota

Kathy
    $200 1
Woodstock

Tanya
    $400 15
Furnace

Dan
    $400 27
(Kathy: Who are the Boston Red Sox?)

the Cleveland Indians

DanKathy
    $400 6
aquarium

Dan
    $400 4
Ollie North

Kathy
    $400 11
the Dominican Republic

Kathy
    $400 22
opening a can of worms

Dan
    $600 16
(Gertrude) Stein

Dan
    $600 28
Tom Seaver

Triple Stumper
    $600 7
podium

Dan
    $600 19
South by Southwest

Tanya
    $600 12
Libya

Kathy
    $600 23
(Tanya: Who is Jim Belushi?)

John Belushi

DanTanya
    $800 17
a castrato

Dan
    $800 29
Roger Clemens

Tanya
    $800 8
(Dan: What is enthusiasm?)

delirium

Dan
Triple Stumper
    $800 20
the Great White North

Triple Stumper
    $800 13
British Columbia

Kathy
    $800 24
okra

Tanya
    $1000 18
The Great Gatsby

Tanya
    $1000 30
Denny McLain

Triple Stumper
    $1,000 9
(Dan: What is tedium?)

equilibrium

Dan
    $1000 21
the Solid South

Tanya
    $1000 14
Western Australia

Triple Stumper
    $1000 25
(Dan: What is mushroom?)
...
(Alex: Let's go out and buy some [*]. Slime [*]. Ick.)

mold

Dan
Triple Stumper

Scores at the first commercial break (after clue 15):

Dan Kathy Tanya
-$400 $2,400 $200

Scores at the end of the Jeopardy! Round:

Dan Kathy Tanya
$1,400 $2,200 $3,800

Double Jeopardy! Round responses

LITERARY QUOTES
OPENING ACTS
NATURE CALLS
BRITISH ROYAL HOUSES
CAN I BUY YOU A SANDWCH?
"B" PREPARED
    $400 1
Oscar Wilde

Dan
    $400 6
The Beatles

Kathy
    $400 7
mosquito

Dan
    $400 9
Tudor

Tanya
    $400 26
a French dip

Dan
    $400 16
bullets

Dan
    $800 2
Huckleberry Finn

Tanya
    $800 12
Annie Oakley

Kathy
    $800 8
moose

Tanya
    $800 10
Stuart

Dan
    $800 27
a club sandwich

Kathy
    $800 17
a by-line

Dan
    $1200 3
Marcel Proust

Dan
    $1200 13
Springsteen

Dan
    $1200 21
a sloth

Dan
    $1200 11
(Tanya: What is Hanover?)

Windsor

Tanya
Triple Stumper
    $1200 28
a kielbasa

Dan
    $1200 18
bovine

Triple Stumper
    $1,600 4
Gulliver

Dan
    $1600 14
The Monkees

Triple Stumper
    $1600 22
shrimp

Kathy
    $1600 24
(Tanya: What is Lancaster?)

Plantagenet

Tanya
Triple Stumper
    $2,000 29
panini

Dan
    $1600 19
behavioral

Dan
    $2000 5
Flanders

Tanya
    $2000 15
(Dan: Who is Liberace?)
(Tanya: What is Elvis?)

Frank Sinatra

DanTanya
Triple Stumper
    $2000 23
the bighorn sheep

Tanya
    $2000 25
(Alex: Now is the time for the House of [*].)

Hanover

Triple Stumper
    $2000 30
(Kathy: What is a po' boy?)

a muffuletta

KathyTanya
    $2000 20
a breve

Triple Stumper

Scores at the end of the Double Jeopardy! Round:

Dan Kathy Tanya
$12,600 $3,800 $7,000

[wagering suggestions for these scores]

Final Jeopardy! Round responses

POLITICAL TERMS
KathyWhat is a caucus?
$3,800
TanyaWhat is a convention?
$6,500
DanWhat is caucus?
$2,600
caucus

Final scores:

Dan Kathy Tanya
$15,200 $7,600 $500
3-day champion: $69,200 2nd place: $2,000 3rd place: $1,000

Game dynamics:

Coryat scores:

Dan Kathy Tanya
$13,200 $3,800 $7,000
22 R
(including 2 DDs),
5 W
(including 1 DD)
11 R,
3 W
13 R,
5 W

Combined Coryat: $24,000

[game clues] [game scores] [suggest correction]

Game tape date: 2008-12-03
The J! Archive is created by fans, for fans. Scraping, republication, monetization, and malicious use prohibited; this site may use cookies and collect identifying information. See terms. The Jeopardy! game show and all elements thereof, including but not limited to copyright and trademark thereto, are the property of Jeopardy Productions, Inc. and are protected under law. This website is not affiliated with, sponsored by, or operated by Jeopardy Productions, Inc. Join the discussion at JBoard.tv.